000 00530nam a2200181Ia 4500
008 100920s9999 xx 000 0 und d
082 _b78958
_a--- थ 99
100 _aदेसाई रणजित.
245 _aबारी.
260 _bमेहता पब्लिशिंग हाऊस, पुणे.
_c1999
300 _a202
_bसाधी
365 _b100
520 _aकादंबरी.
630 _aबारी.
650 _aकादंबरी.
730 _aबारी.
942 _cBOOK
999 _c720080
_d720077